Airlines that serve Atlanta (ATL) - Statistics

General Stats
  • This quiz has been taken 44 times
  • The average score is 17 of 27
Answer Stats
Airline % Correct
American Airlines
94%
Delta Air Lines
94%
Air Canada
90%
Air France
90%
United Airlines
90%
British Airways
84%
Lufthansa
84%
JetBlue
77%
Southwest Airlines
77%
Turkish Airlines
77%
LATAM
74%
KLM
68%
Korean Air
68%
Spirit Airlines
68%
WestJet
68%
Alaska Airlines
65%
Frontier Airlines
65%
Qatar Airways
65%
Virgin Atlantic
61%
Etihad Airways
48%
Ethiopian Airlines
29%
Scandinavian Airlines
29%
Sun Country Airlines
29%
Avelo Airlines
26%
Copa Airlines
23%
Denver Air Connection
19%
United Express
13%
No matching quizzes found
Score Distribution
Percent of People with Each Score
Percentile by Number Answered
Your Score History
You have not taken this quiz